|
|
|
|
| LEADER |
00000cam a2200000 i 4500 |
| 001 |
1/105413 |
| 008 |
090522s1955 eng d |
| 035 |
|
|
|l 10104816
|
| 040 |
|
|
|a GR-MY-UA
|b gre
|e aacr
|
| 041 |
0 |
|
|a eng
|
| 082 |
0 |
|
|a 512.7
|2 (22)
|
| 100 |
1 |
|
|a Jones, Burton W.
|q (Burton Wadsworth),
|d 1902-1983.
|
| 245 |
1 |
4 |
|a The theory of numbers /
|c Burton W. Jones
|
| 260 |
|
|
|a New York :
|b Rinehart,
|c c1955
|
| 300 |
|
|
|a xi, 143 σ.;
|b σχέδια;
|c 22 εκ.
|
| 504 |
|
|
|a Περιέχει βιβλιογραφικές παραπομπές και ευρετήριο
|
| 650 |
0 |
0 |
|a Number theory.
|
| 852 |
|
|
|a INST
|b SAMOS
|c MAG
|e 20090522
|h 512.7 JON
|p 005300028650
|q 005300028650
|t BK
|y 0
|
| 901 |
|
|
|a BIBL3-2009-2
|
| 909 |
|
|
|a Σ
|b 158003
|
| 970 |
|
|
|a ΡΟΥΣΣΟΥ
|b ΚΩΝΣΤΑΝΤΙΝΑ
|z 2009/05/22
|